Participatory budgeting (Record no. 2234)
[ view plain ]
| 000 -LEADER | |
|---|---|
| fixed length control field | 01575cam a2200409 a 4500 |
| 001 - CONTROL NUMBER | |
| control field | 517034 |
| 003 - CONTROL NUMBER IDENTIFIER | |
| control field | GBCCL |
| 005 - DATE AND TIME OF LATEST TRANSACTION | |
| control field | 20241126110424.0 |
| 006 - FIXED-LENGTH DATA ELEMENTS--ADDITIONAL MATERIAL CHARACTERISTICS | |
| fixed length control field | m u |
| 007 - PHYSICAL DESCRIPTION FIXED FIELD--GENERAL INFORMATION | |
| fixed length control field | cr cn||||||||| |
| 008 - FIXED-LENGTH DATA ELEMENTS--GENERAL INFORMATION | |
| fixed length control field | 061002s2007 dcua sb i001 0 eng |
| 010 ## - | |
| -- | 2006032525 |
| 020 ## - INTERNATIONAL STANDARD BOOK NUMBER | |
| Canceled/invalid ISBN | 9780821369234 (pbk.) |
| 020 ## - INTERNATIONAL STANDARD BOOK NUMBER | |
| Canceled/invalid ISBN | 0821369237 (pbk.) |
| 020 ## - INTERNATIONAL STANDARD BOOK NUMBER | |
| Canceled/invalid ISBN | 0821369245 (electronic) |
| 020 ## - INTERNATIONAL STANDARD BOOK NUMBER | |
| Canceled/invalid ISBN | 9780821369241 (electronic) |
| 035 ## - SYSTEM CONTROL NUMBER | |
| System control number | (CaPaEBR)ebr10170954 |
| 035 ## - SYSTEM CONTROL NUMBER | |
| System control number | (OCoLC)124530977 |
| 040 ## - CATALOGING SOURCE | |
| Original cataloging agency | CaPaEBR |
| Transcribing agency | CaPaEBR |
| 049 ## - | |
| -- | LBB28 |
| 050 14 - | |
| -- | HJ9111 |
| -- | .P37 2007eb |
| 082 04 - DEWEY DECIMAL CLASSIFICATION NUMBER | |
| Classification number | 352.48214 |
| Edition information | 22 |
| Item number | PAR |
| 245 00 - TITLE STATEMENT | |
| Title | Participatory budgeting |
| Statement of responsibility, etc. | edited by Anwar Shah. |
| 260 ## - PUBLICATION, DISTRIBUTION, ETC. | |
| Place of publication, distribution, etc. | Washington, D.C. : |
| Name of publisher, distributor, etc. | World Bank, |
| Date of publication, distribution, etc. | c2007. |
| 300 ## - PHYSICAL DESCRIPTION | |
| Extent | xxiii, 269 p. : |
| Other physical details | ill. |
| 490 1# - SERIES STATEMENT | |
| Series statement | Public sector governance and accountability series |
| 504 ## - BIBLIOGRAPHY, ETC. NOTE | |
| Bibliography, etc. note | Includes bibliographical references and index. |
| 533 ## - | |
| -- | Electronic reproduction. |
| -- | Palo Alto, Calif. : |
| -- | ebrary, |
| -- | 2013. |
| -- | Available via World Wide Web. |
| -- | Access may be limited to ebrary affiliated libraries. |
| 650 #0 - SUBJECT ADDED ENTRY--TOPICAL TERM | |
| Topical term or geographic name entry element | Local budgets |
| General subdivision | Citizen participation |
| Form subdivision | Case studies. |
| 9 (RLIN) | 4596 |
| 650 #0 - SUBJECT ADDED ENTRY--TOPICAL TERM | |
| Topical term or geographic name entry element | Local finance |
| Form subdivision | Case studies. |
| 9 (RLIN) | 4597 |
| 655 #7 - INDEX TERM--GENRE/FORM | |
| Genre/form data or focus term | Electronic books. |
| Source of term | local |
| 9 (RLIN) | 4598 |
| 700 1# - ADDED ENTRY--PERSONAL NAME | |
| Personal name | Shah, Anwar. |
| 9 (RLIN) | 4599 |
| 710 2# - ADDED ENTRY--CORPORATE NAME | |
| Corporate name or jurisdiction name as entry element | ebrary, Inc. |
| 9 (RLIN) | 4600 |
| 830 #0 - | |
| -- | Public sector governance and accountability series. |
| -- | 4601 |
| 856 40 - ELECTRONIC LOCATION AND ACCESS | |
| Uniform Resource Identifier | <a href="https://login.lbc.idm.oclc.org/login?qurl=https://site.ebrary.com/lib/lbclibrary/Doc?id=10170954">https://login.lbc.idm.oclc.org/login?qurl=https://site.ebrary.com/lib/lbclibrary/Doc?id=10170954</a> |
| Materials specified | Full text available |
| Public note | LBC Link to Full Text; Click for Access |
| 942 ## - ADDED ENTRY ELEMENTS (KOHA) | |
| Source of classification or shelving scheme | Dewey Decimal Classification |
| Koha item type | Books |
| Withdrawn status | Lost status | Source of classification or shelving scheme | Damaged status | Not for loan | Home library | Current Library | Shelving location | Date acquired | Total checkouts | Full call number | Barcode | Date last seen | Copy number | Price effective from | Koha item type |
|---|---|---|---|---|---|---|---|---|---|---|---|---|---|---|---|
| Dewey Decimal Classification | GRACE BIBLE COLLEGE | GRACE BIBLE COLLEGE | General Studies | 2017-07-18 | 352.48214 PAR | 007195 | 2025-05-01 | c.1 | 2017-07-18 | Books |